000 01222nam a2200253Ia 4500
003 Ost
005 20260507075117.0
008 260507s9999||||xx |||||||||||||| ||und||
020 _a67703977
040 _cfsecg
041 _aara
082 _a338.5
100 _aخليفة، علي يوسف
_eمؤلف
245 0 _aالنظرية الإقتصادية :
_bالتحليل الإقتصادي الجزئي، الوصفي والإقتصاد الرياضي /
_c علي يوسف خليفة
260 _aالإسكندرية:
_bمنشأة المعارف,
_c2000
300 _a473 صفحة؛
_bإيضاحات ؛
_c25 سم
520 _aنظرية سلوك المستهلك- نظرية الإنتاج- النظرية السعرية- توجيه الموارد الإقتصادية باستخدام أسلوب البرمجة الخطية- نظرية التضاد الإقتصادي- اقتصاديات الرفاهية- نماذج تحليل السياسات
653 _aالإقتصاد
653 _aالإقتصاد الجزئي
653 _aالإقتصاد الرياضي
653 _aالنظرية الإقتصادية
700 _aجعاطة، أحمد زبير
_eمؤلف ثانوي
942 _cكتاب
999 _c43031
_d43031